Greenwood Reversions Ltd v World Environment Foundation Ltd and Madhav Mehra (Record no. 80181)
[ view plain ]
| 000 -LEADER | |
|---|---|
| fixed length control field | 01893cad a22002055a 4500 |
| 001 - CONTROL NUMBER | |
| control field | L143445 |
| 008 - FIXED-LENGTH DATA ELEMENTS--GENERAL INFORMATION | |
| fixed length control field | 080509e20080206xxk f v 000 0 eng d |
| 035 ## - SYSTEM CONTROL NUMBER | |
| System control number | (Sirsi) u143445 |
| 041 0# - LANGUAGE CODE | |
| Language code of text/sound track or separate title | eng |
| 245 00 - TITLE STATEMENT | |
| Title | Greenwood Reversions Ltd v World Environment Foundation Ltd and Madhav Mehra |
| Medium | [electronic resource] |
| 260 ## - PUBLICATION, DISTRIBUTION, ETC. | |
| Date of publication, distribution, etc. | 2008 |
| 520 ## - SUMMARY, ETC. | |
| Summary, etc. | [2008] EWCA Civ 47, 6 February 2008. Considers whether a judge had been right to refuse a tenant relief from lease forfeiture in light of letters from his landlord. The appellant tenants (M and W) acquired a lease from the respondent landlord (G). When disagreements between the parties arose, M stopped paying rent, service charges and insurance. G obtained a consent judgment for payment of M's arrears. Without G's consent, M assigned the lease to W, a company in which he had an interest. G undertook proceedings against W on the basis the lease was forfeited. W assigned the lease back to M and G began proceedings against M. These had been successful. M and W argued that letters G had written demanding rent illustrated a willingness to continue the lease. "Held": It was sound to proceed on the basis that a demand for future rent would constitute a waiving of lease forfeiture. However upon objective inspection of G's letters it was clear G would not continue continuation of the lease without first receiving full payment. Given this, and additionally M's conduct throughout the lease and his attempts to avoid legal procedures, the verdict was sound. Appeal dismissed. |
| 590 ## - LOCAL NOTE (RLIN) | |
| Local note | KA |
| 650 24 - SUBJECT ADDED ENTRY--TOPICAL TERM | |
| Topical term or geographic name entry element | GREENWOOD REVERSIONS LTD V WORLD ENVIRONMENT FOUNDATION LTD AND ANOTHER |
| 650 24 - SUBJECT ADDED ENTRY--TOPICAL TERM | |
| Topical term or geographic name entry element | LAW OF PROPERTY ACT 1925 S146 |
| 651 #4 - SUBJECT ADDED ENTRY--GEOGRAPHIC NAME | |
| Geographic name | England and Wales |
| Chronological subdivision | 1543- |
| 690 ## - LOCAL SUBJECT ADDED ENTRY--TOPICAL TERM (OCLC, RLIN) | |
| Topical term or geographic name as entry element | Landlord and tenant |
| 9 (RLIN) | 6252 |
| 856 40 - ELECTRONIC LOCATION AND ACCESS | |
| Uniform Resource Identifier | <a href="https://www.bailii.org/ew/cases/EWCA/Civ/2008/47.html">https://www.bailii.org/ew/cases/EWCA/Civ/2008/47.html</a> |
| Public note | View the judgment free of charge at www.bailii.org... |
| 942 ## - ADDED ENTRY ELEMENTS (KOHA) | |
| Suppress in OPAC | 0 |
| Withdrawn status | Lost status | Source of classification or shelving scheme | Damaged status | Not for loan | Home library | Current library | Shelving location | Date acquired | Total Checkouts | Full call number | Barcode | Date last seen | Copy number | Price effective from | Koha item type |
|---|---|---|---|---|---|---|---|---|---|---|---|---|---|---|---|
| Dewey Decimal Classification | Virtual | Virtual | Online | 09/05/2008 | ONLINE PUBLICATION | 143445-1001 | 06/08/2019 | 1 | 06/08/2019 | Law report |